<?xml version="1.0" encoding="UTF-8"?>
<record
    xmlns:xsi="http://www.w3.org/2001/XMLSchema-instance"
    xsi:schemaLocation="http://www.loc.gov/MARC21/slim http://www.loc.gov/standards/marcxml/schema/MARC21slim.xsd"
    xmlns="http://www.loc.gov/MARC21/slim">

  <leader>00433nam a22001937a 4500</leader>
  <controlfield tag="003">OSt</controlfield>
  <controlfield tag="005">20211014101806.0</controlfield>
  <controlfield tag="008">211014b        |||||||| |||| 00| 0 eng d</controlfield>
  <datafield tag="020" ind1=" " ind2=" ">
    <subfield code="a">9780697295675</subfield>
  </datafield>
  <datafield tag="040" ind1=" " ind2=" ">
    <subfield code="c">HU</subfield>
  </datafield>
  <datafield tag="050" ind1=" " ind2=" ">
    <subfield code="a">1</subfield>
  </datafield>
  <datafield tag="082" ind1=" " ind2=" ">
    <subfield code="2">10TH/ED</subfield>
    <subfield code="a">613.7COR</subfield>
  </datafield>
  <datafield tag="100" ind1=" " ind2=" ">
    <subfield code="a">COR</subfield>
    <subfield code="9">13531</subfield>
  </datafield>
  <datafield tag="245" ind1=" " ind2=" ">
    <subfield code="a">CONCEPTS OF PHYSICAL FITNESS</subfield>
  </datafield>
  <datafield tag="250" ind1=" " ind2=" ">
    <subfield code="a">1</subfield>
  </datafield>
  <datafield tag="260" ind1=" " ind2=" ">
    <subfield code="a">CIP</subfield>
    <subfield code="b">McGRAW HILL</subfield>
    <subfield code="c">2000</subfield>
  </datafield>
  <datafield tag="300" ind1=" " ind2=" ">
    <subfield code="a">422</subfield>
  </datafield>
  <datafield tag="942" ind1=" " ind2=" ">
    <subfield code="2">ddc</subfield>
    <subfield code="c">BOOKS</subfield>
    <subfield code="n">0</subfield>
  </datafield>
  <datafield tag="999" ind1=" " ind2=" ">
    <subfield code="c">12665</subfield>
    <subfield code="d">12665</subfield>
  </datafield>
  <datafield tag="952" ind1=" " ind2=" ">
    <subfield code="0">0</subfield>
    <subfield code="1">0</subfield>
    <subfield code="2">ddc</subfield>
    <subfield code="4">0</subfield>
    <subfield code="7">0</subfield>
    <subfield code="a">001</subfield>
    <subfield code="b">001</subfield>
    <subfield code="c">GEN</subfield>
    <subfield code="d">2021-10-14</subfield>
    <subfield code="l">0</subfield>
    <subfield code="o">613.7/COR</subfield>
    <subfield code="p">NSCLIB00011081</subfield>
    <subfield code="r">2021-10-14 00:00:00</subfield>
    <subfield code="t">1</subfield>
    <subfield code="w">2021-10-14</subfield>
    <subfield code="y">BOOKS</subfield>
  </datafield>
  <datafield tag="952" ind1=" " ind2=" ">
    <subfield code="0">0</subfield>
    <subfield code="1">0</subfield>
    <subfield code="2">ddc</subfield>
    <subfield code="4">0</subfield>
    <subfield code="7">0</subfield>
    <subfield code="a">001</subfield>
    <subfield code="b">001</subfield>
    <subfield code="c">GEN</subfield>
    <subfield code="d">2021-10-14</subfield>
    <subfield code="l">0</subfield>
    <subfield code="o">613.7/COR</subfield>
    <subfield code="p">NSCLIB00011100</subfield>
    <subfield code="r">2021-10-14 00:00:00</subfield>
    <subfield code="t">2</subfield>
    <subfield code="w">2021-10-14</subfield>
    <subfield code="y">BOOKS</subfield>
  </datafield>
  <datafield tag="952" ind1=" " ind2=" ">
    <subfield code="0">0</subfield>
    <subfield code="1">0</subfield>
    <subfield code="2">ddc</subfield>
    <subfield code="4">0</subfield>
    <subfield code="7">0</subfield>
    <subfield code="a">001</subfield>
    <subfield code="b">001</subfield>
    <subfield code="c">GEN</subfield>
    <subfield code="d">2021-10-14</subfield>
    <subfield code="l">0</subfield>
    <subfield code="o">613.7/COR</subfield>
    <subfield code="p">NSCLIB00011080</subfield>
    <subfield code="r">2021-10-14 00:00:00</subfield>
    <subfield code="t">3</subfield>
    <subfield code="w">2021-10-14</subfield>
    <subfield code="y">BOOKS</subfield>
  </datafield>
  <datafield tag="952" ind1=" " ind2=" ">
    <subfield code="0">0</subfield>
    <subfield code="1">0</subfield>
    <subfield code="2">ddc</subfield>
    <subfield code="4">0</subfield>
    <subfield code="7">0</subfield>
    <subfield code="a">001</subfield>
    <subfield code="b">001</subfield>
    <subfield code="c">GEN</subfield>
    <subfield code="d">2021-10-14</subfield>
    <subfield code="l">0</subfield>
    <subfield code="o">613.7/COR</subfield>
    <subfield code="p">NSCLIB00011127</subfield>
    <subfield code="r">2021-10-14 00:00:00</subfield>
    <subfield code="t">4</subfield>
    <subfield code="w">2021-10-14</subfield>
    <subfield code="y">BOOKS</subfield>
  </datafield>
  <datafield tag="952" ind1=" " ind2=" ">
    <subfield code="0">0</subfield>
    <subfield code="1">0</subfield>
    <subfield code="2">ddc</subfield>
    <subfield code="4">0</subfield>
    <subfield code="7">0</subfield>
    <subfield code="a">001</subfield>
    <subfield code="b">001</subfield>
    <subfield code="c">GEN</subfield>
    <subfield code="d">2021-10-14</subfield>
    <subfield code="l">0</subfield>
    <subfield code="o">613.7/COR</subfield>
    <subfield code="p">NSCLIB00011094</subfield>
    <subfield code="r">2021-10-14 00:00:00</subfield>
    <subfield code="t">5</subfield>
    <subfield code="w">2021-10-14</subfield>
    <subfield code="y">BOOKS</subfield>
  </datafield>
  <datafield tag="952" ind1=" " ind2=" ">
    <subfield code="0">0</subfield>
    <subfield code="1">0</subfield>
    <subfield code="2">ddc</subfield>
    <subfield code="4">0</subfield>
    <subfield code="7">0</subfield>
    <subfield code="a">001</subfield>
    <subfield code="b">001</subfield>
    <subfield code="c">GEN</subfield>
    <subfield code="d">2021-10-14</subfield>
    <subfield code="l">0</subfield>
    <subfield code="o">613.7/COR</subfield>
    <subfield code="p">NSCLIB00011103</subfield>
    <subfield code="r">2021-10-14 00:00:00</subfield>
    <subfield code="t">6</subfield>
    <subfield code="w">2021-10-14</subfield>
    <subfield code="y">BOOKS</subfield>
  </datafield>
  <datafield tag="952" ind1=" " ind2=" ">
    <subfield code="0">0</subfield>
    <subfield code="1">0</subfield>
    <subfield code="2">ddc</subfield>
    <subfield code="4">0</subfield>
    <subfield code="7">0</subfield>
    <subfield code="a">001</subfield>
    <subfield code="b">001</subfield>
    <subfield code="c">GEN</subfield>
    <subfield code="d">2021-10-14</subfield>
    <subfield code="l">0</subfield>
    <subfield code="o">613.7/COR</subfield>
    <subfield code="p">NSCLIB00011068</subfield>
    <subfield code="r">2021-10-14 00:00:00</subfield>
    <subfield code="t">7</subfield>
    <subfield code="w">2021-10-14</subfield>
    <subfield code="y">BOOKS</subfield>
  </datafield>
  <datafield tag="952" ind1=" " ind2=" ">
    <subfield code="0">0</subfield>
    <subfield code="1">0</subfield>
    <subfield code="2">ddc</subfield>
    <subfield code="4">0</subfield>
    <subfield code="7">0</subfield>
    <subfield code="a">001</subfield>
    <subfield code="b">001</subfield>
    <subfield code="c">GEN</subfield>
    <subfield code="d">2021-10-14</subfield>
    <subfield code="l">0</subfield>
    <subfield code="o">613.7</subfield>
    <subfield code="p">NSCLIB00011104</subfield>
    <subfield code="r">2021-10-14 00:00:00</subfield>
    <subfield code="t">8</subfield>
    <subfield code="w">2021-10-14</subfield>
    <subfield code="y">BOOKS</subfield>
  </datafield>
  <datafield tag="952" ind1=" " ind2=" ">
    <subfield code="0">0</subfield>
    <subfield code="1">0</subfield>
    <subfield code="2">ddc</subfield>
    <subfield code="4">0</subfield>
    <subfield code="7">0</subfield>
    <subfield code="a">001</subfield>
    <subfield code="b">001</subfield>
    <subfield code="c">GEN</subfield>
    <subfield code="d">2021-10-14</subfield>
    <subfield code="l">0</subfield>
    <subfield code="o">613.7/COR</subfield>
    <subfield code="p">NSCLIB00011101</subfield>
    <subfield code="r">2021-10-14 00:00:00</subfield>
    <subfield code="t">9</subfield>
    <subfield code="w">2021-10-14</subfield>
    <subfield code="y">BOOKS</subfield>
  </datafield>
  <datafield tag="952" ind1=" " ind2=" ">
    <subfield code="0">0</subfield>
    <subfield code="1">0</subfield>
    <subfield code="2">ddc</subfield>
    <subfield code="4">0</subfield>
    <subfield code="7">0</subfield>
    <subfield code="a">001</subfield>
    <subfield code="b">001</subfield>
    <subfield code="c">GEN</subfield>
    <subfield code="d">2021-10-14</subfield>
    <subfield code="l">0</subfield>
    <subfield code="o">613.7/COR</subfield>
    <subfield code="p">NSCLIB00011102</subfield>
    <subfield code="r">2021-10-14 00:00:00</subfield>
    <subfield code="t">10</subfield>
    <subfield code="w">2021-10-14</subfield>
    <subfield code="y">BOOKS</subfield>
  </datafield>
  <datafield tag="952" ind1=" " ind2=" ">
    <subfield code="0">0</subfield>
    <subfield code="1">0</subfield>
    <subfield code="2">ddc</subfield>
    <subfield code="4">0</subfield>
    <subfield code="7">0</subfield>
    <subfield code="a">001</subfield>
    <subfield code="b">001</subfield>
    <subfield code="c">GEN</subfield>
    <subfield code="d">2021-10-14</subfield>
    <subfield code="l">0</subfield>
    <subfield code="o">613.7/COR</subfield>
    <subfield code="p">NSCLIB00011105</subfield>
    <subfield code="r">2021-10-14 00:00:00</subfield>
    <subfield code="t">11</subfield>
    <subfield code="w">2021-10-14</subfield>
    <subfield code="y">BOOKS</subfield>
  </datafield>
  <datafield tag="952" ind1=" " ind2=" ">
    <subfield code="0">0</subfield>
    <subfield code="1">0</subfield>
    <subfield code="2">ddc</subfield>
    <subfield code="4">0</subfield>
    <subfield code="7">0</subfield>
    <subfield code="a">001</subfield>
    <subfield code="b">001</subfield>
    <subfield code="c">GEN</subfield>
    <subfield code="d">2021-10-14</subfield>
    <subfield code="l">0</subfield>
    <subfield code="o">613.7/COR</subfield>
    <subfield code="p">NSCLIB000016560</subfield>
    <subfield code="r">2021-10-14 00:00:00</subfield>
    <subfield code="t">12</subfield>
    <subfield code="w">2021-10-14</subfield>
    <subfield code="y">BOOKS</subfield>
  </datafield>
  <datafield tag="952" ind1=" " ind2=" ">
    <subfield code="0">0</subfield>
    <subfield code="1">0</subfield>
    <subfield code="2">ddc</subfield>
    <subfield code="4">0</subfield>
    <subfield code="7">0</subfield>
    <subfield code="a">001</subfield>
    <subfield code="b">001</subfield>
    <subfield code="c">GEN</subfield>
    <subfield code="d">2021-10-14</subfield>
    <subfield code="l">0</subfield>
    <subfield code="o">613.7/COR</subfield>
    <subfield code="p">NSCLIB000016561</subfield>
    <subfield code="r">2021-10-14 00:00:00</subfield>
    <subfield code="t">13</subfield>
    <subfield code="w">2021-10-14</subfield>
    <subfield code="y">BOOKS</subfield>
  </datafield>
  <datafield tag="952" ind1=" " ind2=" ">
    <subfield code="0">0</subfield>
    <subfield code="1">0</subfield>
    <subfield code="2">ddc</subfield>
    <subfield code="4">0</subfield>
    <subfield code="7">0</subfield>
    <subfield code="a">001</subfield>
    <subfield code="b">001</subfield>
    <subfield code="c">GEN</subfield>
    <subfield code="d">2021-10-14</subfield>
    <subfield code="l">0</subfield>
    <subfield code="o">613.7/COR</subfield>
    <subfield code="p">NSCLIB000016562</subfield>
    <subfield code="r">2021-10-14 00:00:00</subfield>
    <subfield code="t">14</subfield>
    <subfield code="w">2021-10-14</subfield>
    <subfield code="y">BOOKS</subfield>
  </datafield>
  <datafield tag="952" ind1=" " ind2=" ">
    <subfield code="0">0</subfield>
    <subfield code="1">0</subfield>
    <subfield code="2">ddc</subfield>
    <subfield code="4">0</subfield>
    <subfield code="7">0</subfield>
    <subfield code="a">001</subfield>
    <subfield code="b">001</subfield>
    <subfield code="c">GEN</subfield>
    <subfield code="d">2021-10-14</subfield>
    <subfield code="l">0</subfield>
    <subfield code="o">613.7/COR</subfield>
    <subfield code="p">NSCLIB000016563</subfield>
    <subfield code="r">2021-10-14 00:00:00</subfield>
    <subfield code="t">15</subfield>
    <subfield code="w">2021-10-14</subfield>
    <subfield code="y">BOOKS</subfield>
  </datafield>
  <datafield tag="952" ind1=" " ind2=" ">
    <subfield code="0">0</subfield>
    <subfield code="1">0</subfield>
    <subfield code="2">ddc</subfield>
    <subfield code="4">0</subfield>
    <subfield code="7">0</subfield>
    <subfield code="a">001</subfield>
    <subfield code="b">001</subfield>
    <subfield code="c">GEN</subfield>
    <subfield code="d">2021-10-14</subfield>
    <subfield code="l">0</subfield>
    <subfield code="o">613.7/COR</subfield>
    <subfield code="p">NSCLIB000016564</subfield>
    <subfield code="r">2021-10-14 00:00:00</subfield>
    <subfield code="t">16</subfield>
    <subfield code="w">2021-10-14</subfield>
    <subfield code="y">BOOKS</subfield>
  </datafield>
</record>
